000 00180 a2200097 4500
020 _a9781607450436
041 _aeng
100 _aFrida Bing
245 _aSock and Shoe
942 _cK
999 _c31259
_d31257